« Retourner aux résultats de recherche
Tenerife en quelques jours
| Auteur principal: | Lucy Corne |
|---|---|
| D'autres auteurs: | Damian Harper |
| Support: | Livres |
| Langue: | Francais |
| Publié: |
2023 Lonely planet Paris |
| Genre: |
Documentaire |
| Collection: |
En quelques jours |
| Sujets: | |
| Étiquettes: |
Ajouter
Pas de Tags !
|
| LEADER | 01082nam0a2200241 450 | ||
|---|---|---|---|
| 001 | 16844100 | ||
| 010 | |a 978-2-38492-038-9 |b br. |d 9,99 | ||
| 100 | |a 20221021d2023 u u0frey01 ba | ||
| 101 | 0 | |a fre | |
| 102 | |a FR | ||
| 200 | 0 | |a Tenerife en quelques jours |f Lucy Corne, Damian Harper | |
| 205 | |a 3e édition | ||
| 207 | 1 | |a | |
| 210 | |a Paris |c Lonely planet |d 2023 | ||
| 215 | |a 1 vol. (160 p.) |c illustrations en couleur, cartes |d 16 x 11 cm |e 1 plan | ||
| 225 | 1 | |a En quelques jours | |
| 300 | |a Traduit de l'anglais | ||
| 330 | |a Ce guide, conçu pour les courts séjours, permet aux visiteurs de découvrir l'essentiel et les incontournables, tout en explorant les aspects insolites de l'île. Une découverte par thème (art en plein air, clubbing, pour les enfants, etc.) avec des informations pratiques pour répondre aux envies de chacun. | ||
| 700 | 0 | |a Corne |b Lucy |4 70 | |
| 701 | 0 | |a Harper |b Damian |4 70 | |
| 900 | |a Documentaire | ||
| 901 | |a Accessible au prêt | ||
| 995 | |a Bibliothèque |c Bibliothèque |f 00156008586802 |h 00156008586802 |k 916.4 TEN |o p |q a |r az |e Bibliothèque | ||
